000 00918cam a2200289 a 4500
001 2611
003 FISKH
005 20240104140348.0
008 990915r20001869nyu j 000 1 eng
010 _a 99048534
020 _a0486410234 (pbk.)
040 _aDLC
_cDLC
_dDLC
_beng
042 _alcac
050 0 0 _aPZ7.A335
_bLi 2000
082 0 0 _a[Fic]
_221
100 1 _aAlcott, Louisa May,
_d1832-1888.
245 1 0 _aLittle women /
_cLouisa May Alcott.
250 _aFirst published in 1868
260 _aNew York :
_bScholastic,
_c2000.
300 _a562 pages :
_c18 cm
520 _aChronicles the joys and sorrows of the four March sisters as they grow into young women in nineteenth-century New England.
650 1 _aSisters
_vFiction.
650 1 _aFamily life
_zNew England
_vFiction.
651 1 _aNew England
_vFiction.
906 _a7
_bcbc
_corignew
_d1
_eocip
_f19
_gy-gencatlg
942 _2ddc
_cBK
_n0
999 _c2611
_d2611